| 000 | 00628nam a22002297a 4500 | ||
|---|---|---|---|
| 003 | OSt | ||
| 005 | 20161202193149.0 | ||
| 008 | 161202b xxu||||| |||| 00| 0 eng d | ||
| 020 | _a9780393926316 | ||
| 020 | _a0393926311 | ||
| 040 | _cDDC | ||
| 082 | _a530 OHA 2007 | ||
| 100 |
_aOhanian, Hans C.; John, T. Markert _911341 |
||
| 245 | _aPhysics for Engineers and Scientists | ||
| 250 | _a3rd ed. | ||
| 260 | _aNew York; W.W. Norton, 2007 | ||
| 300 | _ali,1430p; col.ill: 28cm | ||
| 504 | _aAppendices, answers, photos, & index included | ||
| 650 |
_aPhysics _9809 |
||
| 650 |
_aEngineering _9373 |
||
| 942 |
_2z _cO_SHELF |
||
| 999 |
_c5427 _d5427 |
||